000 00425nam a2200205Ia 4500
001 001166
003 YMCAF
005 20230512160050.0
008 100717s1971 ||||||||||||||||| ||und|d
024 _a1166
035 _a1148
040 _aYMCAF
_beng
_cIN-KoLT
041 _aeng
082 _aUSE-I.S
100 _aI.S.I. 2597
245 0 _aUSE OF ELECTRONICS VALUS
260 _c1971
300 _a15
942 _2ddc
_cBK
999 _c941
_d941